Biogas Praxis Grundlagen, Planung, Anlagenbau, Beispiele, Wirtschaftlichkeit
Salvato in:
| Autori principali: | , |
|---|---|
| Natura: | Libro |
| Lingua: | tedesco |
| Pubblicazione: |
Staufen bei Freiburg
Ökobuch
2007
|
| Edizione: | 4., verb. Aufl. |
| Soggetti: | |
| Accesso online: | Visualizza in OPAC |
| Tags: |
Nessun Tag, puoi essere il primo ad aggiungerne!!
|
MARC
| LEADER | 00000nam a2200000 a 4500 | ||
|---|---|---|---|
| 005 | 20260127133922.0 | ||
| 008 | 100202 2007 gw 000 0 ger d | ||
| 020 | |a 9783936896138 | ||
| 035 | |a vtls010059967 | ||
| 039 | 9 | |y 201002021303 |z mschk03 | |
| 040 | |a STUSCHK1 |b slo |c STUSCHK1 |e AACR2 | ||
| 080 | |a 665.776 | ||
| 100 | 1 | |a Eder, Barbara | |
| 245 | 1 | |a Biogas Praxis |b Grundlagen, Planung, Anlagenbau, Beispiele, Wirtschaftlichkeit |c Barbara Eder, Heinz Schulz | |
| 250 | |a 4., verb. Aufl. | ||
| 260 | |a Staufen bei Freiburg |b Ökobuch |c 2007 | ||
| 300 | |a 238 s. |b ill. |c 22 cm | ||
| 650 | 0 | |a Biogasanlage | |
| 700 | 1 | |a Schulz, Heinz |4 aut | |
| 910 | |a SCHK95 | ||
| 919 | |a 978-3-936896-13-8 | ||
| 999 | |c 53 |d 53 | ||